[Event "GER-ch53 V10 email"]
[Site "GER email"]
[Date "2021.04.21"]
[Round "?"]
[White "Zill, Eberhard"]
[Black "Schmidt, Theo"]
[Result "1/2-1/2"]
[WhiteElo "2055"]
[BlackElo "2181"]
[PlyCount "51"]
[EventDate "2021.04.21"]
[EventType "tourn (corr)"]
[EventRounds "10"]
[EventCountry "GER"]
[SourceTitle "Corr 2024"]
[Source "ChessBase"]
[SourceDate "2023.10.19"]
[SourceVersion "1"]
[SourceVersionDate "2023.10.19"]
[SourceQuality "1"]

1. e4 e5 2. Nf3 Nc6 3. Bb5 a6 4. Ba4 Nf6 5. 0-0 Be7 6. Re1 b5 7. Bb3 0-0 8. c3 d5 9. exd5 Nxd5 10. Nxe5 Nxe5 11. Rxe5 c6 12. d4 Bd6 13. Re1 Qh4 14. g3 Qh3 15. Be3 Bg4 16. Qd3 Rae8 17. Nd2 Qh5 18. a4 Re6 19. axb5 axb5 20. Nf1 Bf5 21. Qd2 Bh3 22. Bd1 Qg6 23. Bc2 Qh5 24. Bd1 Qg6 25. Bc2 Qh5 26. Bd1 1/2-1/2

[Event "GER MS-286 email"]
[Site "GER email"]
[Date "2018.09.17"]
[Round "?"]
[White "Zill, Eberhard"]
[Black "Schatz, Dieter"]
[Result "1-0"]
[WhiteElo "2071"]
[BlackElo "1932"]
[PlyCount "89"]
[EventDate "2018.09.26"]
[EventType "tourn (corr)"]
[EventRounds "6"]
[EventCountry "GER"]
[SourceTitle "Corr 2020"]
[Source "ChessBase"]
[SourceDate "2019.09.30"]
[SourceVersion "1"]
[SourceVersionDate "2019.09.30"]
[SourceQuality "1"]

1. e4 e6 2. d4 d5 3. Nc3 Bb4 4. e5 c5 5. a3 Bxc3+ 6. bxc3 Ne7 7. Qg4 0-0 8. Bd3 f5 9. exf6 Rxf6 10. Bg5 Rf7 11. Qh5 g6 12. Qd1 Qa5 13. Bd2 Nbc6 14. Nf3 Qc7 15. 0-0 e5 16. dxe5 Bg4 17. e6 Rxf3 18. gxf3 Bxe6 19. Re1 Qd7 20. Bg5 Nf5 21. Qe2 Bf7 22. Rad1 Rf8 23. Kg2 Nd6 24. Bh6 Re8 25. Qd2 Rxe1 26. Rxe1 c4 27. Bf1 Nf5 28. Kg1 Qd6 29. Bh3 Nxh6 30. Qxh6 Qxa3 31. Be6 Bxe6 32. Rxe6 Qf8 33. Qxf8+ Kxf8 34. Kf1 Kf7 35. Rd6 d4 36. Rd7+ Ke6 37. Rxb7 dxc3 38. Rxh7 a5 39. f4 a4 40. Rh3 Kd5 41. f5 gxf5 42. Rxc3 Kc5 43. Ra3 Kb4 44. Ra2 Ka5 45. c3 1-0

[Event "GER HS-242 email"]
[Site "GER email"]
[Date "2018.06.28"]
[Round "?"]
[White "Zill, Eberhard"]
[Black "Hagedorn, Peter"]
[Result "1-0"]
[WhiteElo "2049"]
[BlackElo "2053"]
[PlyCount "151"]
[EventDate "2018.07.06"]
[EventType "tourn (corr)"]
[EventRounds "6"]
[EventCountry "GER"]
[SourceTitle "Corr 2022"]
[Source "ChessBase"]
[SourceDate "2021.10.24"]
[SourceVersion "1"]
[SourceVersionDate "2021.10.24"]
[SourceQuality "1"]

1. d4 Nf6 2. c4 e6 3. Nf3 d5 4. Nc3 Be7 5. Bf4 0-0 6. e3 c5 7. dxc5 Bxc5 8. a3 Nc6 9. Qc2 Qa5 10. Rd1 Be7 11. Be2 Ne4 12. cxd5 Nxc3 13. bxc3 exd5 14. 0-0 Qxa3 15. Rxd5 Rd8 16. Bc4 Rxd5 17. Bxd5 Bf6 18. Nd4 Qc5 19. Qb3 Nd8 20. Qa4 a5 21. e4 g6 22. Bc1 Qd6 23. Ba3 Bd7 24. Qb3 Qc7 25. Rd1 Bc6 26. c4 a4 27. Qe3 Qd7 28. Rd3 Qe8 29. h4 Ne6 30. Bxe6 fxe6 31. h5 gxh5 32. Qf4 Bxd4 33. Rg3+ Kh8 34. Bd6 Bg7 35. Be5 Qd7 36. Rxg7 Qxg7 37. Qg5 Qxe5 38. Qxe5+ Kg8 39. Qxe6+ Kf8 40. Qe5 Kg8 41. Qg3+ Kf7 42. Qf3+ Kg8 43. Qa3 Bxe4 44. Kh2 Bc6 45. Kh3 Re8 46. Kh4 Re4+ 47. Kxh5 Be8+ 48. Kg5 h6+ 49. Kf5 Rxc4 50. Qe7 Bf7 51. Qxb7 Rc2 52. Qf3 Kg7 53. Qg3+ Kf8 54. Kg4 Rc6 55. Kh4 h5 56. Qa3+ Kg7 57. g3 Rg6 58. f3 Ra6 59. Qc3+ Kh7 60. Qd3+ Rg6 61. Qe4 a3 62. Qe7 Rg7 63. Qxa3 Bg6 64. Kg5 Be8+ 65. Kf6 Rf7+ 66. Ke6 Kg8 67. Qa8 Rf8 68. Qe4 Rf7 69. Qg6+ Kf8 70. Qg5 Rg7 71. Qc5+ Kg8 72. f4 Bd7+ 73. Kf6 Rf7+ 74. Kg5 Rg7+ 75. Kh4 Be8 76. f5 1-0

[Event "GER HS-241 email"]
[Site "GER email"]
[Date "2018.05.24"]
[Round "?"]
[White "Drescher, Andreas"]
[Black "Zill, Eberhard"]
[Result "0-1"]
[WhiteElo "1710"]
[BlackElo "2078"]
[PlyCount "112"]
[EventDate "2018.06.12"]
[EventType "tourn (corr)"]
[EventRounds "6"]
[EventCountry "GER"]
[SourceTitle "Corr 2022"]
[Source "ChessBase"]
[SourceDate "2021.10.24"]
[SourceVersion "1"]
[SourceVersionDate "2021.10.24"]
[SourceQuality "1"]

1. d4 Nf6 2. Nc3 d5 3. Nf3 e6 4. Bg5 Nbd7 5. e4 h6 6. Bxf6 Nxf6 7. Bd3 Bb4 8. Qe2 c5 9. dxc5 Bxc3+ 10. bxc3 dxe4 11. Bxe4 Qa5 12. 0-0 Qxc5 13. Ne5 0-0 14. c4 Nxe4 15. Qxe4 Qc7 16. Rfe1 f6 17. Nd3 Rb8 18. Rad1 e5 19. c5 Rd8 20. f4 Bg4 21. Rb1 exf4 22. Rb4 a5 23. Rb6 Bh5 24. Reb1 Bf7 25. Rxb7 Bd5 26. Rxc7 Rxb1+ 27. Qe1 Rxe1+ 28. Nxe1 Bxa2 29. Ra7 Rd1 30. Kf2 Rd2+ 31. Kg1 Bd5 32. Rxa5 Re2 33. Ra1 Re4 34. Nd3 g5 35. Rd1 Bf7 36. g3 fxg3 37. hxg3 Rc4 38. Rd2 Kg7 39. Kf2 Kg6 40. Re2 h5 41. Ke3 Be6 42. Kd2 Bf5 43. Rg2 g4 44. Rf2 Kg5 45. Rf1 Bxd3 46. cxd3 Rxc5 47. Rd1 Rf5 48. d4 Rf2+ 49. Kd3 Rf3+ 50. Ke2 Rxg3 51. Ra1 Kf4 52. Rf1+ Rf3 53. Rh1 Re3+ 54. Kd2 h4 55. Kc2 h3 56. d5 g3 0-1

[Event "GER HS-239 email"]
[Site "GER email"]
[Date "2018.05.24"]
[Round "?"]
[White "Wittenberg, Gerd"]
[Black "Zill, Eberhard"]
[Result "0-1"]
[WhiteElo "2006"]
[BlackElo "2049"]
[PlyCount "114"]
[EventDate "2018.06.05"]
[EventType "tourn (corr)"]
[EventRounds "6"]
[EventCountry "GER"]
[SourceTitle "Corr 2022"]
[Source "ChessBase"]
[SourceDate "2021.10.24"]
[SourceVersion "1"]
[SourceVersionDate "2021.10.24"]
[SourceQuality "1"]

1. e4 c5 2. Nf3 d6 3. Bb5+ Bd7 4. Bxd7+ Qxd7 5. c4 Nf6 6. d3 g6 7. 0-0 Bg7 8. h3 0-0 9. e5 Ne8 10. Qe2 Nc6 11. exd6 Nxd6 12. Nc3 Rad8 13. Bg5 Rfe8 14. Rad1 b6 15. a3 h6 16. Bc1 Nf5 17. Rfe1 e6 18. Qc2 Nfd4 19. Nxd4 Nxd4 20. Qd2 Re7 21. Qf4 Qe8 22. Qg3 Red7 23. Bf4 g5 24. Be3 Qf8 25. Bxd4 Bxd4 26. Rc1 Qd6 27. Qxd6 Rxd6 28. Ne4 R6d7 29. b4 f5 30. Nc3 Kf7 31. Na4 cxb4 32. axb4 Bf6 33. c5 b5 34. c6 Rc7 35. Nc5 Rdc8 36. Rxe6 Rxc6 37. Rxc6 Rxc6 38. Kf1 Bd4 39. Rb1 Kf6 40. Nb3 Bc3 41. Nc5 Ke5 42. g4 a5 43. Nd7+ Kd6 44. bxa5 Kxd7 45. Rxb5 fxg4 46. hxg4 Rf6 47. Ke2 Kc6 48. Rb6+ Kc5 49. Rb7 Bxa5 50. Rg7 Bb6 51. f4 Rxf4 52. Rg6 Rxg4 53. Rxh6 Rf4 54. Rh7 Kd5 55. Rg7 Rf2+ 56. Ke1 Rf5 57. Rg6 Bd4 0-1

[Event "GER HS-241 email"]
[Site "GER email"]
[Date "2018.05.24"]
[Round "?"]
[White "Zill, Eberhard"]
[Black "Ssmoller, Volkmar"]
[Result "1/2-1/2"]
[WhiteElo "2078"]
[BlackElo "2106"]
[PlyCount "130"]
[EventDate "2018.06.12"]
[EventType "tourn (corr)"]
[EventRounds "6"]
[EventCountry "GER"]
[SourceTitle "Corr 2022"]
[Source "ChessBase"]
[SourceDate "2021.10.24"]
[SourceVersion "1"]
[SourceVersionDate "2021.10.24"]
[SourceQuality "1"]

1. e4 e5 2. Nf3 Nc6 3. Bc4 Bc5 4. d3 Nf6 5. c3 d6 6. 0-0 0-0 7. Bg5 a6 8. a4 h6 9. Bh4 g5 10. Bg3 g4 11. Nh4 Nh5 12. Na3 Qg5 13. Nc2 Be6 14. b4 Ba7 15. Bxe6 fxe6 16. d4 exd4 17. Nxd4 Nxg3 18. hxg3 Nxd4 19. cxd4 Rad8 20. Rb1 d5 21. e5 Rd7 22. Qd3 Rg7 23. Rb2 Qh5 24. Rc1 Qf7 25. Qd2 Qh5 26. Rbc2 Rc8 27. Kh2 Qg5 28. Qd3 Qh5 29. Rb1 Rb8 30. Qd2 Qg5 31. Qd3 Qh5 32. Rbc1 Rc8 33. Rd1 Qe8 34. b5 axb5 35. axb5 Bb6 36. Ra2 Kh8 37. Rda1 Rg8 38. f4 gxf3 39. Rf2 Rg4 40. Rxf3 Qh5 41. Raf1 Rcg8 42. Rf7 Re4 43. Qf3 Qxf3 44. Nxf3 Reg4 45. Re7 Rxg3 46. Nh4 R3g4 47. g3 Bxd4 48. Rxe6 Be3 49. b6 cxb6 50. Nf5 Bg5 51. Nxh6 Bxh6 52. Rxh6+ Kg7 53. Rxb6 Rg6 54. Rxb7+ Kh6 55. Rb4 Re8 56. Rf5 Rg5 57. Rf6+ Rg6 58. Rg4 Rxf6 59. exf6 Rf8 60. Rd4 Rd8 61. Rf4 Kg6 62. f7 Kg7 63. Kg2 Kf8 64. Kf3 Rd7 65. Ke3 Rxf7 1/2-1/2

[Event "GER HS-235 email"]
[Site "GER email"]
[Date "2018.01.06"]
[Round "?"]
[White "Schmidt, Juergen"]
[Black "Zill, Eberhard"]
[Result "1/2-1/2"]
[WhiteElo "1903"]
[BlackElo "1985"]
[PlyCount "85"]
[EventDate "2018.01.15"]
[EventType "tourn (corr)"]
[EventRounds "6"]
[EventCountry "GER"]
[SourceTitle "Corr 2022"]
[Source "ChessBase"]
[SourceDate "2021.10.24"]
[SourceVersion "1"]
[SourceVersionDate "2021.10.24"]
[SourceQuality "1"]

1. d4 Nf6 2. Nf3 d5 3. Bf4 e6 4. e3 c5 5. c3 Nc6 6. Nbd2 Bd6 7. dxc5 Bxc5 8. Bd3 0-0 9. 0-0 Re8 10. e4 e5 11. Bg5 d4 12. cxd4 Nxd4 13. Nxd4 Bxd4 14. Bb5 Rf8 15. Qb3 h6 16. Be3 a6 17. Bxd4 Qxd4 18. Nf3 Qc5 19. Bd3 Be6 20. Qc2 Qd6 21. Rfd1 Rfc8 22. Qe2 Rc5 23. Rd2 Qc7 24. Rad1 Rd8 25. Ne1 g6 26. b3 Kg7 27. f3 b5 28. Qf2 a5 29. Rc2 Rxc2 30. Qxc2 Qb6+ 31. Qf2 Qb8 32. Qc5 a4 33. Rb1 axb3 34. axb3 Bd7 35. Be2 Rc8 36. Qb4 g5 37. Nd3 Nh5 38. Rd1 Be6 39. Kf1 Nf4 40. Nxf4 gxf4 41. Qxb5 Qxb5 42. Bxb5 Bxb3 43. Ra1 1/2-1/2

[Event "GER HS-235 email"]
[Site "GER email"]
[Date "2018.01.06"]
[Round "?"]
[White "Zill, Eberhard"]
[Black "Krumm, Guenther"]
[Result "1/2-1/2"]
[WhiteElo "1985"]
[BlackElo "1819"]
[PlyCount "91"]
[EventDate "2018.01.15"]
[EventType "tourn (corr)"]
[EventRounds "6"]
[EventCountry "GER"]
[SourceTitle "Corr 2022"]
[Source "ChessBase"]
[SourceDate "2021.10.24"]
[SourceVersion "1"]
[SourceVersionDate "2021.10.24"]
[SourceQuality "1"]

1. e4 c5 2. Nf3 Nc6 3. d4 cxd4 4. Nxd4 Nf6 5. Nc3 e5 6. Ndb5 d6 7. Bg5 a6 8. Na3 b5 9. Bxf6 gxf6 10. Nd5 f5 11. Bd3 Be6 12. 0-0 Bxd5 13. exd5 Ne7 14. c3 Bg7 15. Nc2 0-0 16. a4 e4 17. Be2 bxa4 18. Rxa4 Rb8 19. Ra2 a5 20. Ne3 Qc7 21. Qa4 Bh6 22. Nc4 Nxd5 23. Qxa5 Qxa5 24. Rxa5 Nf4 25. Bd1 d5 26. Nd6 Rxb2 27. g3 Nd3 28. Nxf5 Bd2 29. Rxd5 Bxc3 30. h3 Re8 31. Ba4 Reb8 32. Nd6 R8b4 33. Bc6 Ne5 34. Nxe4 Bd4 35. Bd7 Re2 36. Bf5 Nf3+ 37. Kg2 Nd2 38. Nxd2 Rxd2 39. Bg4 Rb6 40. Rg5+ Kf8 41. Rf5 Rbb2 42. Bh5 f6 43. Rf3 Kg7 44. Be8 Re2 45. Rf4 Be3 46. Rf3 1/2-1/2

[Event "GER HS-230 email"]
[Site "GER email"]
[Date "2017.08.14"]
[Round "?"]
[White "Zill, Eberhard"]
[Black "Jaspert, Juergen"]
[Result "1-0"]
[WhiteElo "2071"]
[BlackElo "1748"]
[PlyCount "107"]
[EventDate "2017.08.18"]
[EventType "tourn (corr)"]
[EventRounds "6"]
[EventCountry "GER"]
[SourceTitle "Corr 2022"]
[Source "ChessBase"]
[SourceDate "2021.10.24"]
[SourceVersion "1"]
[SourceVersionDate "2021.10.24"]
[SourceQuality "1"]

1. c4 e5 2. Nc3 Nf6 3. Nf3 Nc6 4. g3 d5 5. cxd5 Nxd5 6. Bg2 Nb6 7. 0-0 Be7 8. Rb1 a5 9. d3 0-0 10. Be3 Be6 11. d4 exd4 12. Nxd4 Nxd4 13. Bxd4 c6 14. Qd3 a4 15. f4 Bc4 16. Qe3 Nd5 17. Nxd5 Bxd5 18. Bb6 Qd6 19. Rfd1 Rfe8 20. Qf2 f5 21. Bxd5+ cxd5 22. Bd4 Qe6 23. Qf3 Ra6 24. Be5 Rd8 25. Rd3 Rc6 26. Rbd1 Rc5 27. Kg2 Rb5 28. b3 axb3 29. axb3 Rc5 30. h4 h6 31. Rd4 b6 32. Kf2 Ra5 33. b4 Rb5 34. Qa3 Bd6 35. Bxd6 Qxd6 36. R1d3 Qd7 37. Re3 h5 38. Re5 g6 39. g4 hxg4 40. Qe3 Qf7 41. h5 Qf6 42. Kg2 gxh5 43. Qd3 Qh4 44. Qxf5 Qh3+ 45. Kg1 Qg3+ 46. Kf1 Qh3+ 47. Ke1 Qc3+ 48. Kf2 Qxd4+ 49. Kg3 Qxe5 50. fxe5 d4 51. Qg5+ Kf7 52. Qf6+ Ke8 53. Qc6+ Kf8 54. Qxb5 1-0

[Event "GER HS-226 email"]
[Site "GER email"]
[Date "2017.05.31"]
[Round "?"]
[White "Schatz, Dieter"]
[Black "Zill, Eberhard"]
[Result "1/2-1/2"]
[WhiteElo "1704"]
[BlackElo "1960"]
[PlyCount "67"]
[EventDate "2017.06.06"]
[EventType "tourn (corr)"]
[EventRounds "6"]
[EventCountry "GER"]
[SourceTitle "Corr 2020"]
[Source "ChessBase"]
[SourceDate "2019.09.30"]
[SourceVersion "1"]
[SourceVersionDate "2019.09.30"]
[SourceQuality "1"]

1. e4 c5 2. Nf3 Nc6 3. Bb5 g6 4. Bxc6 bxc6 5. 0-0 Bg7 6. Re1 Nh6 7. c3 0-0 8. h3 f5 9. e5 Nf7 10. d3 Ba6 11. c4 d6 12. e6 Ne5 13. Nxe5 Bxe5 14. Nd2 Bc8 15. Nf3 Bg7 16. Rb1 Rf6 17. Bg5 Rxe6 18. Rxe6 Bxe6 19. Qe2 Bf7 20. Qxe7 Qxe7 21. Bxe7 Bf8 22. Bxf8 Kxf8 23. b3 a5 24. Nd2 Ke7 25. f4 h6 26. h4 Kf6 27. Kf2 Be6 28. Ke3 Re8 29. Kf2 Re7 30. Nf3 a4 31. d4 axb3 32. axb3 cxd4 33. Nxd4 c5 34. Nxe6 1/2-1/2